Werner Georg Kümmel: Die Theologie des Neuen Testaments nach seinen Hauptzeugen. Jesus. Paulus. Johannes

Bibliographic Details
Main Author: Gábriš (Author)
Format: Article
Language:Slovak

MARC

LEADER 00000nab a2200000uu 4500
001 vtls011526413
003 SK-MaSNL
005 20260303112808.0
008 230121|1971 xo |||||||||||||||||slo|
015 |a SNBRB 
035 |a (urnnbn)urn:nbn:sk:snk:ar-a08ssb 
035 |a (uuid)c9fe2925-975a-4c41-ac77-6ddc9c57cbe5 
035 |a urn:nbn:sk:snk-abedik 
040 |a SNKBUCL  |b slo  |c SNKBUCL  |e AACR2 
041 0 |a slo 
044 |a xo  |c SK 
100 1 |a Gábriš  |4 aut  |9 1002033 
245 1 0 |a Werner Georg Kümmel: Die Theologie des Neuen Testaments nach seinen Hauptzeugen. Jesus. Paulus. Johannes  |c Gábriš 
773 0 |t Cirkevné listy : časopis venovaný záujmom cirkve evanjelickej a. v.  |g Roč. 84, č. 1 (1971), s. 15-[16a] 
954 |a odborná, vedecká literatúra pôvodná (slovenská)  |2 lita 
958 |a OND 
958 |a EUIPO 
958 |a article21 
999 |c 1887393  |d 1889323